| 000 | 00439nam a22001577a 4500 | ||
|---|---|---|---|
| 005 | 20251108165307.0 | ||
| 008 | 250721s1991 xx 000 0 ara d | ||
| 082 | 1 | 4 | _a956.504/دله |
| 100 | 1 | _aأبو دلهوم، ممدوح | |
| 245 | 1 | 0 | _aالقيادة الهاشمية و الهم القومي / |
| 264 | 1 |
_aعمان : _c1991. |
|
| 300 | _aج 1: مص. | ||
| 650 | 1 | 7 | _aتاريخ الأردن |
| 942 |
_2ddc _cBK |
||
| 999 |
_c24351 _d24351 |
||